000 00589nam a22002051 4500
001 000018835
005 20200929165850.0
008 770920s1970 onca 000 0 fre
010 _a75857319
015 _aC***
040 _aDO-SdBNP
_cMB
_dDLC
050 0 0 _aPQ3919.2.D76
_bF6
100 1 _aDube, Marcel,
_d1930-
_940590
245 1 0 _aFlorence; :
_bpiece en deux parties et quatre tableaux.
260 _a[Ottawa] :
_bLemeac,
_c[1970].
300 _a150 p. :
_billus. ;
_c20 cm.
490 0 _aCollection Theatre canadien, 16
500 _aPlay.
910 _aCatalogación derivada / LC
999 _c18355
_d18355